Stredoškolská mládež a drogy = Secondary school youth and drugs : Diplomová práca

Gespeichert in:
Bibliographische Detailangaben
1. Verfasser: Kaňák, Róbert (Verfasst von)
Weitere Verfasser: Kostelníková, Mária (xxx)
Format: Manuskript Buch
Sprache:Slowakisch
Veröffentlicht: Trnava : STU v Bratislave MTF UIPH, 2009
Schlagworte:
Tags: Tag hinzufügen
Keine Tags, Fügen Sie das erste Tag hinzu!

MARC

LEADER 00000ntm a22000003a 4500
001 stu182307
005 20160719154341.9
008 090326s2009----xo------------------slo-d
040 |a STU  |b slo 
041 0 |a slo 
044 |a xo 
100 1 |a Kaňák, Róbert  |4 aut 
245 1 |a Stredoškolská mládež a drogy = Secondary school youth and drugs :  |b Diplomová práca 
260 |a Trnava :  |b STU v Bratislave MTF UIPH,  |c 2009 
300 |a 80 s  |c príl (1 CD-ROM) 
500 |a Študijný program: učiteľstvo technických profesijných predmetov 
500 |a Študijný odbor: 1.1.2 učiteľstvo profesijných predmetov a praktickej prípravy 
650 7 |a drogová prevencia  |2 stusub 
650 7 |a drogové závislosti  |2 stusub 
650 7 |a drogy  |2 stusub 
700 1 |a Kostelníková, Mária  |4 xxx 
996 |b 284M070090  |c M*DP-7800  |l MMSKP  |s P  |a 0  |w stu182307_0001